000 01212naa a22002777a 4500
001 BR9402458
003 BR-BrBNA
005 20250721155509.0
007 ta
008 250630b bl.|||m| |||| 00| 0 por d
040 _aBR-BrBNA
_bpor
_cBiblioteca Nacional de Agricultura
041 _a(Pt)
072 _aP33
090 _aP33 BR9402458
100 1 _aCosta, A.C.S. da
100 1 _aBiscaia, R.C.M.
245 1 _aCaracterizacao fisico-hidrica das principais unidades de solos
500 _aPotencial de uso agricola das areas de varzea do Estado do Parana; vol. 1. Bacia hidrografica do Baixo Ivai Henklain, J.C. (coord.) Londrina, PR (Brasil): 1989. p. 52-62 [9 ref.; 9 tables; 10 illus.] (BR9402458-AMS)
773 0 _tPotencial de uso agricola das areas de varzea do Estado do Parana; vol. 1. Bacia hidrografica do Baixo Ivai
_aHenklain, J.C. (coord.). Instituto Agronomico do Parana, Londrina (Brasil)
_wP33 BR9402458
_gLondrina, PR (Brasil), 1989. p. 52-62
650 _aFisica do Solo
650 _aCondutividade Hidraulica
650 _aParana
490 _aBoletim Tecnico - Instituto Agronomico do Parana (Brazil)
_vno. 24
942 _cAMS
_2AGRIS
909 _a202506
_bLúcia
_c55
_dLúcia Elande
999 _c336838
_d336838